Countries listed by the alphabetical order of their capital city - Statistics

General Stats
  • This quiz has been taken 77 times
  • The average score is 104 of 196
Answers on the Map
Answers color-coded by a green-red scale on the quiz's map according to % correct below.
 
Answer Stats
Continent Answer % Correct
Asia/Europe Turkey
93%
Africa Algeria
87%
Europe Andorra
87%
Africa Ethiopia
87%
Africa Ghana
87%
Europe Greece
87%
Europe Netherlands
87%
Africa Nigeria
87%
South America Paraguay
87%
Asia United Arab Emirates
87%
North America Belize
80%
South America Brazil
80%
Asia China
80%
South America Colombia
80%
Europe Germany
80%
Asia Kazakhstan
80%
Oceania Samoa
80%
Europe Serbia
80%
Europe Slovakia
80%
South America Argentina
73%
Oceania Australia
73%
Africa Egypt
73%
North America Guatemala
73%
Europe Hungary
73%
Asia Iraq
73%
Asia Jordan
73%
Africa Madagascar
73%
Europe Moldova
73%
Europe Romania
73%
Europe Switzerland
73%
Asia Turkmenistan
73%
South America Venezuela
73%
Asia Afghanistan
67%
Asia Azerbaijan
67%
Europe Belgium
67%
Europe Denmark
67%
Africa Eritrea
67%
South America Guyana
67%
Europe Ireland
67%
Africa Mali
67%
North America Mexico
67%
North America Nicaragua
67%
North America Saint Kitts and Nevis
67%
North America Saint Lucia
67%
Asia Thailand
67%
North America Bahamas
60%
Asia Bangladesh
60%
North America Barbados
60%
Europe Belarus
60%
Asia Brunei
60%
Africa Central African Republic
60%
Europe Croatia
60%
North America Cuba
60%
Europe Finland
60%
Africa Guinea-Bissau
60%
North America Jamaica
60%
Africa Kenya
60%
Asia Lebanon
60%
Oceania Marshall Islands
60%
South America Peru
60%
Europe Portugal
60%
Africa Republic of the Congo
60%
Asia/Europe Russia
60%
Africa Senegal
60%
Europe Slovenia
60%
Oceania Solomon Islands
60%
Europe Spain
60%
Africa Sudan
60%
Asia Tajikistan
60%
Oceania Tuvalu
60%
Europe Ukraine
60%
Europe United Kingdom
60%
South America Uruguay
60%
South America Bolivia
53%
Africa Botswana
53%
Africa Burundi
53%
North America Canada
53%
Africa Democratic Republic of the Congo
53%
Africa Djibouti
53%
Asia East Timor
53%
Africa Gambia
53%
North America Haiti
53%
Asia Indonesia
53%
Asia Kyrgyzstan
53%
Europe Luxembourg
53%
Europe Monaco
53%
Oceania New Zealand
53%
Asia Pakistan
53%
North America Panama
53%
Asia Philippines
53%
Europe Poland
53%
Asia Qatar
53%
North America Saint Vincent and the Grenadines
53%
Africa Sierra Leone
53%
Africa South Sudan
53%
Asia Syria
53%
Africa Tanzania
53%
North America United States
53%
Asia Vietnam
53%
Africa Angola
47%
Asia Armenia
47%
Europe Austria
47%
Asia Bahrain
47%
Africa Cameroon
47%
North America Costa Rica
47%
Europe Czech Republic
47%
North America Dominican Republic
47%
North America El Salvador
47%
Africa Eswatini
47%
Europe France
47%
Africa Guinea
47%
North America Honduras
47%
Asia India
47%
Asia Iran
47%
Europe Kosovo
47%
Asia Kuwait
47%
Africa Lesotho
47%
Africa Liberia
47%
Africa Libya
47%
Europe Liechtenstein
47%
Europe Lithuania
47%
Europe Malta
47%
Asia Mongolia
47%
Europe Montenegro
47%
Africa Mozambique
47%
Asia Myanmar
47%
Africa Namibia
47%
Oceania Nauru
47%
Asia Nepal
47%
Europe Norway
47%
Oceania Palau
47%
Oceania Papua New Guinea
47%
South America Suriname
47%
Europe Sweden
47%
Africa Togo
47%
Oceania Tonga
47%
North America Trinidad and Tobago
47%
Africa Tunisia
47%
Africa Uganda
47%
Europe Vatican City
47%
Africa Zambia
47%
Africa Zimbabwe
47%
Europe Albania
40%
North America Antigua and Barbuda
40%
Europe Bosnia and Herzegovina
40%
Europe Bulgaria
40%
Africa Cape Verde
40%
Africa Chad
40%
South America Chile
40%
Africa Comoros
40%
Africa Cote d'Ivoire
40%
North America Dominica
40%
South America Ecuador
40%
Africa Equatorial Guinea
40%
Europe Estonia
40%
Oceania Federated States of Micronesia
40%
Oceania Fiji
40%
North America Grenada
40%
Europe Iceland
40%
Asia Israel
40%
Europe Italy
40%
Asia Laos
40%
Europe Latvia
40%
Africa Malawi
40%
Asia Maldives
40%
Africa Niger
40%
Europe North Macedonia
40%
Asia Oman
40%
Africa Rwanda
40%
Europe San Marino
40%
Africa Somalia
40%
Oceania Vanuatu
40%
Africa Benin
33%
Africa Burkina Faso
33%
Asia Cambodia
33%
Africa Gabon
33%
Asia Georgia
33%
Asia Japan
33%
Oceania Kiribati
33%
Asia Malaysia
33%
Africa Mauritania
33%
Africa Mauritius
33%
Africa Sao Tome and Principe
33%
Asia Saudi Arabia
33%
Africa Seychelles
33%
Asia Singapore
33%
Africa South Africa
33%
Asia Taiwan
33%
Asia Uzbekistan
33%
Asia Yemen
33%
Asia Bhutan
27%
Asia Cyprus
27%
Africa Morocco
27%
Asia North Korea
27%
Asia South Korea
27%
Asia Sri Lanka
27%
No matching quizzes found
Score Distribution
Percent of People with Each Score
Percentile by Number Answered
Your Score History
You have not taken this quiz